000 00175 a2200073 4500
020 _a9781415007044
082 _223
_aXHO JF MHLO
245 _aUMazanendaba neQokombe lamaBali oMlingo
999 _c784149
_d784148
942 _w8485
_xJulia Mabuza
_y8485
_zJulia Mabuza